Úvod do štúdia logiky ... učeb. text pre internú potrebu štud. Pedag. fak. UK v Trnave

Bibliographic Details
Main Author: Kudja Anton (Author)
Format: Book
Language:Slovak
PhysicalDescription:73 s. ilustr., sch., tab. 4°
Published: Bratislava UK 1971
Edition:2. nezm. vyd.
Series:Vysokoškolské učebné texty
Subjects:

MARC

LEADER 00000cam a2200000 a 4500
001 vtls008337056
003 SK-MaSNL
005 20260301044604.0
008 230403s1971 xo a e n 000 0 slo
015 |a SNBA1971/04-00866 
035 |a SK01SNK19710029273 
035 |a urn:nbn:sk:snk-amkdsp 
035 |a urn:nbn:sk:snk-am008c8i 
035 |a C9495880-1DD5-4E29-BB67-29AF0FED3C2E 
035 |a SKM000031736 
040 |a SNK  |b slo  |c SNK  |e AACR2 
041 0 |a slo 
044 |a xo  |c SK 
072 7 |a 16  |x Logika  |2 konspekt 
080 |a 16  |2 2011 
080 |a (075.8)  |2 2011 
100 1 |a Kudja Anton,  |4 aut  |9 351269 
245 1 0 |a Úvod do štúdia logiky  |b ... učeb. text pre internú potrebu štud. Pedag. fak. UK v Trnave  |c Anton Kudja 
250 |a 2. nezm. vyd. 
260 |a Bratislava  |b UK  |c 1971 
300 |a 73 s.  |b ilustr., sch., tab.  |c 4° 
366 |e 1000 výt. 
490 1 |a Vysokoškolské učebné texty 
504 |a Bibliogr. Pozn. 
650 0 7 |a logika  |2 SNKPH  |9 806 
650 0 7 |a Logic  |2 SNKPHeng  |9 306529 
655 7 |a učebnice vysokých škôl  |2 SNKPH  |9 70191 
655 7 |a Textbooks (higher)  |2 SNKPHeng  |9 276436 
830 0 |a Vysokoškolské učebné texty  |9 276539 
852 |a Slovenská národná knižnica 
954 |a odborná, vedecká literatúra pôvodná (slovenská)  |2 lita 
958 |a OND 
958 |a RM 
958 |a RK 
958 |a UV 
958 |a NB 
958 |a EUIPO 
999 |c 596332  |d 598262 
952 |a SNK  |b SNK  |y PREZ  |7 0  |p 17A0807883  |o snkSB 16961  |i snkKSP 3068/71  |0 0  |1 0  |4 0  |d 2015-01-13  |f 1  |l 0  |r 2025-03-18 00:00:00  |w 2026-02-23 
952 |a SNK  |b SNK  |y VYP  |7 0  |o snkSB 16961 D1  |i snkKSP 3069/71  |0 0  |1 0  |4 0  |d 2015-01-13  |l 0  |r 2026-02-23 15:39:34  |w 2026-02-23